000 01776cam a22004694i 4500
003 PE-LiUPU
005 20250731173525.0
008 150616s r 000 0 d
020 _a0802836992
035 _a(Sirsi) i9780802836991
040 _aPE-LiUPU
_bspa
_cPE-LiUPU
_erda
049 _aPRUA
082 0 4 _a264.042081
_bO42
_221
100 1 _aOld, Hughes Oliphant,
_eautor.
245 1 4 _aThe Shaping of the Reformed Baptismal Rite in the Sixteenth Century.
264 1 _aMichigan :
_bW. B. Eermands Publishing Co.,
_c1992.
300 _a324 páginas ;
_c23 centímetros
336 _atext
_2rdacontent
337 _aunmediated
_2rdamedia
338 _avolume
_2rdacarrier
504 _aIncluye bibliografía.
505 0 _aThe latin baptismal rites on the eve of reformation.- The first translation of the latin rites.- The first reformed baptismal rites.- The Anabaptist bid for the reform of the baptismal rite.- The defense of infant baptism by the earliest reformed theologians.
526 _aSEG42
526 _aSEG41
526 _aSEG40
526 _aSEG39
526 _aP94
526 _aP87
526 _aP86
526 _aP85
526 _aP77
526 _aP76
526 _aP35
650 0 4 _aBAUTISMO (LITURGIA) - HISTORIA - SIGLO XVI.
910 _ajck
_bjvq
_cjck
942 _2ddc
_cBOOK
949 _a264.042081 O42
_wDEWEY
_c1
_i42196
_lCCODEBUL1
_mBUL
_r0
_sY
_tBOOK
_u2015-6-16
_xTEOLOGIA
_zUNKNOWN
_0COMPRA
_o.STAFF. Colección General
994 _aC0
_bPEPRU
596 _a1
999 _a264.042081 O42
_wDEWEY
_c59888
_i42196
_f2021-11-10
_g5
_lCCODEBUL1
_mBUL
_r0
_sY
_tBOOK
_u2015-6-16
_xTEOLOGIA
_zUNKNOWN
_0COMPRA
_o.STAFF. Colección General
_d59888
980 _81
_gALBERTO SANCHEZ Responsable de Automatización